000
00296nam a2200121Ia 4500
008
220204s9999 xx 000 0 und d
082
_a
339.564
_b
BAL
100
_a
BALAGOPAL, T A S
245
0
_a
Export management
260
_a
Bombay
_b
Himalaya
_c
1977
650
_a
Export management
942
_c
BK
999
_c
26697
_d
26697